| 000 -ლიდერი |
| ფიქსირებული სიგრძის საკონტროლო ველი |
01414nam a22002297a 4500 |
| 003 - საკონტროლო ნომრის იდენტიფიკატორი |
| საკონტროლო ველი |
Ge_BSU |
| 005 - ბოლო ოპერაციის თარიღი და დრო |
| საკონტროლო ველი |
20241018133326.0 |
| 008 - ფიქსირებული სიგრძის მონაცემთა ელემენტები - ზოგადი ინფორმაცია |
| ფიქსირებული სიგრძის საკონტროლო ველი |
190516b1982 ge ||||| |||| 00| 0 geo d |
| 041 ## - ენის კოდი |
| Language code of text/sound track or separate title |
geo |
| 080 ## - უნივერსალური ათობითი კლასიფიკაციის ინდექსი |
| Universal Decimal Classification number |
611.018(075.8) მ-27 |
| 100 ## - მთავარი ჩანაწერი - პიროვნების სახელი |
| Relator code |
მანუილოვა, ნ |
| 245 ## - ცნობა სათაურის შესახებ |
| Title |
ჰისტოლოგია ემბრიოლოგიის საფუძვლებით : |
| Remainder of title |
სახელმძღვ. პედ. ინ-ტების ბიოლოგიის ფაკ-ტის სტუდენტებისათვის / |
| Statement of responsibility, etc |
ნ. მანუილოვა ; მთარგმნ : ი. მეფისაშვილი ; ნ. სულხანიშვილი . |
| 250 ## - გამოცემის ცნობა |
| Edition statement |
თარგმნილია შესწორ. და შევს. მე-5 რუს. გამოც. |
| 264 ## - წარმოების, გამოცემის, დისტრიბუციის და სხვა ცნობები |
| გამოცემის, წარმოების, დისტრიბუციის... ადგილი |
თბილისი : |
| გამოცემის, წარმოების, დისტრიბუციის... სახელწოდება |
განათლება, |
| გამოცემის, წარმოების, დისტრიბუციის... თარიღი |
1982. |
| 300 ## - ფიზიკური აღწერა |
| Extent |
322 გვ .: |
| Other physical details |
ილ. |
| Dimensions |
22 სმ. |
| 653 ## - INDEX TERM--UNCONTROLLED |
| Uncontrolled term |
ჰისტოლოგია |
| 653 ## - INDEX TERM--UNCONTROLLED |
| Uncontrolled term |
მედიცინა |
| 700 ## - ADDED ENTRY--PERSONAL NAME |
| Personal name |
მეფისაშვილი, ნ |
| Relator term |
მთარგმნელი |
| 9 (RLIN) |
1274 |
| 700 ## - ADDED ENTRY--PERSONAL NAME |
| Personal name |
სულხანიშვილი, ნ |
| Relator term |
მთარგმნელი |
| 9 (RLIN) |
1275 |
| 856 ## - ELECTRONIC LOCATION AND ACCESS |
| Uniform Resource Identifier |
https://dspace.nplg.gov.ge/bitstream/1234/468569/1/Histologia_Embriologiis_Safudzvlebit_1982.pdf |
| Link text |
ელექტრონული ვერსია |
| 942 ## - ADDED ENTRY ELEMENTS (KOHA) |
| Source of classification or shelving scheme |
|
| Koha item type |
წიგნი |